| 000 | 00499nam a2200157 i 4500 | ||
|---|---|---|---|
| 001 | 69617 | ||
| 003 | ES-MaACL | ||
| 007 | t| | ||
| 008 | 040708s1975 mx ||||1| spa d | ||
| 100 | 1 |
_aGarcía Fernández, Jesús. _954598 |
|
| 245 | 1 | 0 |
_aOrganización del espacio y economía rural en la España atlántica / _cpor Jeús García Fernández. |
| 250 | _a[1ª ed.]. | ||
| 260 |
_aMéxico, etc. : _bSiglo Veintiuno, _c[1975] |
||
| 300 |
_aXI, 332 p. ; _c21 cm. |
||
| 852 |
_aES-MaACL _jE-6819 _bR.91259 |
||
| 999 |
_c69617 _d69617 |
||